000 00598cam a2200193 4500
001 62
008 040213s2004 nju 000 0 eng
010 _a 2004044470
020 _a0131454617
100 1 _aHoffer, Jeffrey A.
245 1 0 _aModern systems analysis and design /
_cJeffrey A. Hoffer, Joey F. George, Joseph S. Valacich.
250 _a4th ed.
260 _aUpper Saddle River, NJ :
_bPearson Prentice Hall,
_c2004.
300 _axxxiii, 614 p. : ill. ; 27 cm.
650 0 _aSystem analysis.
650 0 _aSystem design.
700 1 _aGeorge, Joey F.
700 1 _aValacich, Joseph S.,
_d1959-
999 _c50
_d50